La Institución Libre de Enseñanza y la cultura europea (1876-1900) / (Record no. 188935)

MARC details
000 -LEADER
campo de control de longitud fija 01097nam a2200265 i 4500
001 - NÚMERO DE CONTROL
campo de control 188935
003 - IDENTIFICADOR DE NÚMERO DE CONTROL
campo de control SpMaBN
005 - FECHA Y HORA DE LA ÚLTIMA TRANSACCIÓN
campo de control 20250806062553.0
008 - DATOS DE LONGITUD FIJA--INFORMACIÓN GENERAL
campo de control de longitud fija 190227s1992 sp |||| | spa d
020 ## - NÚMERO INTERNACIONAL ESTÁNDAR DEL LIBRO
Número Internacional Estándar del Libro 84-7812-155-2
080 ## - NÚMERO DE LA CLASIFICACIÓN DECIMAL UNIVERSAL
Número de la Clasificación Decimal Universal 373.3/.5(460.27 M.)
080 ## - NÚMERO DE LA CLASIFICACIÓN DECIMAL UNIVERSAL
Número de la Clasificación Decimal Universal 008(460)"18":008(4)
100 1# - ENTRADA PRINCIPAL--NOMBRE DE PERSONA
Nombre de persona Huertas Vázquez, Eduardo
9 (RLIN) 64577
245 13 - MENCIÓN DEL TÍTULO
Título La Institución Libre de Enseñanza y la cultura europea (1876-1900) /
Mención de responsabilidad, etc. por Eduardo Huertas Vázquez.
260 ## - PUBLICACIÓN, DISTRIBUCIÓN, ETC.
Lugar de publicación, distribución, etc. Madrid :
Nombre del editor, distribuidor, etc. Artes Gráf. Municipales,
Fecha de publicación, distribución, etc. 1992.
300 ## - DESCRIPCIÓN FÍSICA
Extensión 58 p. ;
Dimensiones 22 cm.
490 1# - MENCIÓN DE SERIE
Mención de serie Ciclo de conferencias, Madrid, capital europea de la cultura ;
Designación de volumen o secuencia 24
594 ## - Nota al título y mención de responsabilidad
Nota al título y mención de responsabilidad Precede al tít.: Ayuntamiento de Madrid, Área de Cultura. Instituto de Estudios Madrileños del CSIC.
610 27 - PUNTO DE ACCESO ADICIONAL DE MATERIA--NOMBRE DE ENTIDAD CORPORATIVA
Nombre de entidad corporativa o nombre de jurisdicción como elemento de entrada Institución Libre de Enseñanza.
9 (RLIN) 4724
651 #7 - PUNTO DE ACCESO ADICIONAL DE MATERIA--NOMBRE GEOGRÁFICO
Nombre geográfico España-
Subdivisión general Civilización-
-- Influencia europea.
9 (RLIN) 166502
710 2# - ENTRADA AGREGADA--NOMBRE DE ENTIDAD CORPORATIVA
Nombre de entidad corporativa o nombre de jurisdicción como elemento de entrada Instituto de Estudios Madrileños
9 (RLIN) 4916
830 0# - PUNTO DE ACCESO ADICIONAL DE SERIE-TÍTULO UNIFORME
Título uniforme Ciclo de conferencias, Madrid, capital europea de la cultura ;
Designación de volumen o secuencia 24
9 (RLIN) 183110
852 ## - LOCALIZACIÓN
Ubicación ES-MaACL
Número de control de estantería 2338-F-7
Holdings
Estatus retirado Estado de pérdida Estado de daño No para préstamo Colección Biblioteca de origen Biblioteca actual Ubicación en estantería Fecha de adquisición Fuente de adquisición Total de préstamos Signatura topográfica completa Código de barras Visto por última vez Precio de reemplazo Tipo de ítem Koha
        Colección de folletos Biblioteca del Ateneo de Madrid Biblioteca del Ateneo de Madrid Depósito folletos 27/02/2019     2338-F-7 1200084 23/02/2023 23/02/2023 Folleto